| 000 | 00000nam##2200000za#4500 |
| 001 | 9.639946 |
| 003 | CaOODSP |
| 005 | 20240314152355 |
| 007 | cr ||||||||||| |
| 008 | 150407|2010||||xxc|||||o f|0| 0 fre|d |
| 020 | |a978-1-100-98888-7 |
| 040 | |aCaOODSP|bfre |
| 043 | |an-cn--- |
| 086 | 1 |aPS4-140/2010F-PDF |
| 110 | 1 |aCanada. |bSécurité publique Canada. |
| 245 | 10|aÉvaluation 2009-2010 du Programme pilote de financement des projets d'infrastructure de sécurité pour les collectivités à risque : |h[ressource électronique]|brapport final / |c[par] Direction générale de l'évaluation. |
| 260 | |aOttawa - Ontario : |bSécurité publique Canada |cLe 15 juin 2010. |
| 300 | |a24p.|bfigure, références, tableaux |
| 590 | |a12-43-Supp|b2012-12-07 |
| 691 | 07|aPrévention de la criminalité|2gcpds |
| 691 | 07|aSécurité publique|2gcpds |
| 775 | 08|t2009-2010 Evaluation of the Security Infrastructure Program (Pilot) : |w(CaOODSP)9.695796 |
| 856 | 40|ahttp://publications.gc.ca|qPDF|s195 Ko|uhttps://publications.gc.ca/collections/collection_2012/sp-ps/PS4-140-2010-fra.pdf |